Organizational Behaviour: Key Concepts, skills & Best Practices (Record no. 4349)

MARC details
005 - DATE AND TIME OF LATEST TRANSACTION
control field 20250625153117.0
020 ## - INTERNATIONAL STANDARD BOOK NUMBER
International Standard Book Number 0-07-282932-X
082 ## - DEWEY DECIMAL CLASSIFICATION NUMBER
Classification number 658.3 KIN
100 ## - MAIN ENTRY--PERSONAL NAME
Author name KINICKI, A
245 ## - TITLE STATEMENT
Title Organizational Behaviour: Key Concepts, skills & Best Practices
250 ## - EDITION STATEMENT
Edition statement 2nd Ed.
260 ## - PUBLICATION, DISTRIBUTION, ETC.
Place of publication, distribution, etc. Boston
Name of publisher, distributor, etc. McGraw-Hill Irwin
Date of publication, distribution, etc. 2006.
300 ## - PHYSICAL DESCRIPTION
Extent xxviii, 460p.:ill.;pictures
Other physical details Endnotes and Index
Dimensions 25cm
700 ## - ADDED ENTRY--PERSONAL NAME
Other authors/Editors Robert Kreitner
942 ## - ADDED ENTRY ELEMENTS (KOHA)
Source of classification or shelving scheme Dewey Decimal Classification
Koha item type Books
Holdings
Date last seen Total checkouts Full call number Barcode Cost, replacement price Price effective from Koha item type Lost status Source of classification or shelving scheme Damaged status Not for loan Withdrawn status Home library Current library Shelving location Date acquired Source of acquisition Cost, normal purchase price
06/25/2025   658.3 KIN DOM0001607 150000.00 06/25/2025 Books   Dewey Decimal Classification       CBE Dodoma CBE Dodoma General Collection 04/08/2008   50000.00
06/25/2025   658.3 KIN DOM0001606 150000.00 06/25/2025 Books   Dewey Decimal Classification       CBE Dodoma CBE Dodoma General Collection 04/08/2008   50000.00
06/25/2025   658.3 KIN DOM0001605 150000.00 06/25/2025 Books   Dewey Decimal Classification       CBE Dodoma CBE Dodoma General Collection 04/08/2008   50000.00
06/25/2025   658.3 KIN DOM0001604 150000.00 06/25/2025 Books   Dewey Decimal Classification       CBE Dodoma CBE Dodoma General Collection 04/08/2008   50000.00
06/19/2025   658.3 KIN MZA0001393 150000.00 06/19/2025 Books   Dewey Decimal Classification       CBE Mwanza CBE Mwanza General Collection 07/15/2024 Library Budget 50000.00
06/19/2025   658.3 KIN MZA0001394 150000.00 06/19/2025 Books   Dewey Decimal Classification       CBE Mwanza CBE Mwanza General Collection 07/15/2024 Library Budget 50000.00